000 00397nam a2200157Ia 4500
008 240729s9999 xx 000 0 und d
022 _a2612-5110
245 0 _aBeyond Rheumatology
260 _aItaly
260 _bVerduci Editore
650 _a Internal medicine
650 _aMedicine
856 _uhttps://doaj.org/toc/85bd91106a1147a791940c31be633c63
942 _2ddc
942 _cDOAJEJ
999 _c73514
_d73514
945 _a1
_bMadushi Gamage
_c1
_dMadushi Gamage